| 000 | 00340nam a2200133Ia 4500 | ||
|---|---|---|---|
| 008 | 231129s1983||||xx |||||||||||||| ||spa|| | ||
| 040 | _bspa | ||
| 082 | _aCo861 G643p | ||
| 100 | _aGonzalez M. Luis Carlos | ||
| 245 | 0 | _aPoemas (Asilo de Versos) | |
| 260 | _c1983 | ||
| 264 | _aBogota Colombia: Banco de la Republica | ||
| 942 |
_2ddc _cBKS |
||
| 999 |
_c22891 _d22891 |
||